| 000 | 00642nam a2200229 a 4500 | ||
|---|---|---|---|
| 999 |
_c4226 _d4226 |
||
| 001 | 4226 | ||
| 003 | BD-JhCC | ||
| 005 | 20180313102715.0 | ||
| 008 | 171125b1963 pk b|||| ||b| 000 0 eng d | ||
| 035 | _a(BD-JhCC)4226 | ||
| 040 |
_aBD-JhCC _dBD-JhCC |
||
| 041 | _aeng | ||
| 082 |
_a330.9549105 _bWAT 1963 |
||
| 100 | _aWaterston, Albert | ||
| 245 |
_aPlanning In Pakistan : _borganization an implementation / _cAlbert Waterston |
||
| 260 |
_aBaltimore : _bThe Johns Hopkins Press, _c1963. |
||
| 300 |
_a149 p. : _c22 cm. |
||
| 650 |
_aEconomic History _zPakistan |
||
| 650 | _aPolitics and government | ||
| 942 |
_2ddc _cBK |
||